000 01054cam a22003497a 4500
003 CHAP
005 20220817043124.0
008 971013s1986 r 00010 d
010 _a66272
011 _a67244
035 _a76714
040 _cCHAP
082 _a633.2
_bF37 1986
110 _aFAO
245 1 0 _aTropical pasture seed production
250 _a3 ed. rev.
260 _aRome :
_bFAO,
_c1986
300 _a203 P.
_b: ilus.; gráfs.
490 0 _aFAO. Producción y protección vegetal
_v; 8
590 _aBATCH-UPD
_b10
_c20130110
_lUCH01
_h2044
590 _aBATCH-UPD
_b10
_c20130410
_lUCH01
_h1358
590 _aBATCH-UPD
_b10
_c20130914
_lUCH01
_h1428
590 _aCONVERSION
_b10
_c20130109
_lUCH01
_h1336
650 1 4 _aPastos
_xSemilla.
_986077
650 1 4 _aPastos
_xTrópicos.
_986085
700 0 _aHumphreys, L. R.
_956897
700 0 _aRiveros, F.
_997801
830 0 _aFAO. Producción y protección vegetal
_v; 8
_939654
901 _aBK
942 _cLIBRO
949 _a633.2 F37 1986
_bBC
_cFAO
_d-29570
_eFAO1
_h72153
_i76714
_si
999 _c66272
_d66272